000 00979nmm a2200385 a 4500
003 AR-BaBNM
005 20251128211255.0
008 243020s1994 ||||||||||||||000 | spa||
020 _a950-739-340-4
040 _cAR-BaBNM
245 1 0 _aComercio exterior argentino
_bMercosur y apertura
260 _aBuenos Aires
_bErrepar
_c1994
300 _a256 p.
_bgráfs., tablas
610 2 4 _aMERCOSUR
650 4 _aCOMERCIO INTERNACIONAL
650 4 _aPOLITICA ECONOMICA
650 4 _aEXPORTACIONES
650 4 _aIMPORTACIONES
650 4 _aECONOMIA
650 4 _aADUANA
650 4 _aCOMERCIO INTERNACIONAL
650 4 _aMERCADOS
650 4 _aOFERTA Y DEMANDA
650 4 _aPRECIOS
651 4 _aArgentina
700 1 _aMakuc, Adrián
700 1 _aAblin, Eduardo
700 1 _aMaito, Miguel
700 1 _aMosquera, Carlos
700 1 _aArano, María
700 1 _aFerraro, Ricardo
700 1 _aPantanali, Omar
942 _cBK
998 _cmariana
999 _c18954
_d18954